Music Quiz

Random Music or Singers Quiz
Score 0/18 Timer 05:00
0 Plays Today
Letter Singers % Correct
JMichael Jackson, Billy Joel, Al Jarreau, Jackie Jackson, La Toya Jackson, Randy Jackson, Tito Jackson, Waylon Jennings
97.2%
RLionel Richie, Diana Ross, Kenny Rogers, Smokey Robinson
74.9%
LKenny Loggins, Cyndi Lauper, Huey Lewis
70.6%
WStevie Wonder, Dionne Warwick
69.9%
SPaul Simon, Bruce Springsteen
68.2%
CKim Carnes, Ray Charles, Mario Cipollina, Johnny Colla
46.2%
NWillie Nelson
41.9%
DBob Dylan
41%
TTina Turner
40.6%
Letter Singers % Correct
HDaryl Hall, Chris Hayes, Sean Hopper
39.6%
OJeffrey Osborne, John Oates
36.7%
ESheila E.
32.5%
PSteve Perry, Anita Pointer, June Pointer, Ruth Pointer
31.9%
ADan Aykroyd
23.3%
GBob Geldof, Bill Gibson
22.3%
IJames Ingram
17.5%
BHarry Belafonte, Lindsey Buckingham
17.2%
MBette Midler
16.6%

You're not logged in!

Compare scores with friends on all Sporcle quizzes.
OR
Log In

Sporcle TV

Today on Sporcle TV


Watch our educational content, quiz creation guides, and fun videos on Sporcle TV.

Show Comments

Extras

Top Quizzes Today


Score Distribution

Paid Content

Your Account Isn't Verified!

In order to create a playlist on Sporcle, you need to verify the email address you used during registration. Go to your Sporcle Settings to finish the process.

Report this User

Report this user for behavior that violates our Community Guidelines.

Details: